Southville International School and Colleges
Your cart is empty.
  • Cart
  • Lists
    Public lists Eva Luna New books Lux_list list_1
    Your lists Log in to create your own lists
  • Log in to your account
  • Your cookies
  • Search history
Southville International School and Colleges
  • Advanced search
  • Recent comments
  • Most popular
  • Libraries

Log in to your account

Log in with GOOGLE


If you do not have an external account, but do have a local account, you can still log in:

  1. Home
  2. MARC view: The use of cooking oil as an alternative fuel for oil lamp /
Normal view MARC view ISBD view

The use of cooking oil as an alternative fuel for oil lamp / (Record no. 288754)

[ view plain ]
MARC details
000 -LEADER
fixed length control field 00826nam a22002297a 4500
003 - CONTROL NUMBER IDENTIFIER
control field 0
005 - DATE AND TIME OF LATEST TRANSACTION
control field 20250129104731.0
008 - FIXED-LENGTH DATA ELEMENTS--GENERAL INFORMATION
fixed length control field 150928b xxu||||| |||| 00| 0 eng d
050 ## - LIBRARY OF CONGRESS CALL NUMBER
Classification number PGS TP 339
Item number .R175 2015
100 ## - MAIN ENTRY--PERSONAL NAME
Personal name Ramos, Gavin Joshua Luistro.
245 ## - TITLE STATEMENT
Title The use of cooking oil as an alternative fuel for oil lamp /
Statement of responsibility, etc Gavin Joshua Luistro Ramos.
260 ## - PUBLICATION, DISTRIBUTION, ETC. (IMPRINT)
Place of publication, distribution, etc Las Piñas City, Philippines :
Name of publisher, distributor, etc Southville International School and Colleges,
Date of publication, distribution, etc 2015.
300 ## - PHYSICAL DESCRIPTION
Extent 14 p. :
Other physical details ill. ;
Dimensions 27 cm.
504 ## - BIBLIOGRAPHY, ETC. NOTE
Bibliography, etc Includes bibliographical references.
650 ## - SUBJECT ADDED ENTRY--TOPICAL TERM
Topical term or geographic name as entry element Cooking oil as fuel.
650 ## - SUBJECT ADDED ENTRY--TOPICAL TERM
Topical term or geographic name as entry element Alternative fuels.
650 ## - SUBJECT ADDED ENTRY--TOPICAL TERM
Topical term or geographic name as entry element Renewable energy sources.
650 ## - SUBJECT ADDED ENTRY--TOPICAL TERM
Topical term or geographic name as entry element Sustainable energy solutions.
650 ## - SUBJECT ADDED ENTRY--TOPICAL TERM
Topical term or geographic name as entry element Household lighting
Form subdivision Fuel alternatives.
650 ## - SUBJECT ADDED ENTRY--TOPICAL TERM
Topical term or geographic name as entry element Oil lamps
Form subdivision Fuel alternatives.
942 ## - ADDED ENTRY ELEMENTS (KOHA)
Source of classification or shelving scheme Library of Congress Classification
Koha item type PASS
Holdings
Withdrawn status Lost status Source of classification or shelving scheme Damaged status Not for loan Home library Current library Shelving location Date acquired Source of acquisition Total Checkouts Full call number Barcode Date last seen Price effective from Koha item type Public note
    Library of Congress Classification   Not For Loan Luxembourg Library Luxembourg Library Portfolio Assessment of SISC Students Section 09/28/2015 Donation   PGS TP 339 .R175 2015 P3449 09/28/2015 09/28/2015 PASS Be Amazing, Be Southville!

The use of cooking oil as an alternative fuel for oil lamp /

APA

Ramos G. J. L., . (2015). The use of cooking oil as an alternative fuel for oil lamp. Las Piñas City, Philippines: Southville International School and Colleges.

Chicago

Ramos Gavin Joshua Luistro, . 2015. The use of cooking oil as an alternative fuel for oil lamp. Las Piñas City, Philippines: Southville International School and Colleges.

Harvard

Ramos G. J. L., . (2015). The use of cooking oil as an alternative fuel for oil lamp. Las Piñas City, Philippines: Southville International School and Colleges.

MLA

Ramos Gavin Joshua Luistro, . The use of cooking oil as an alternative fuel for oil lamp. Las Piñas City, Philippines: Southville International School and Colleges. 2015.

  • Print
  • Cite
  • Add to your cart (remove)
  • Save record
    BIBTEX Dublin Core MARCXML MARC (non-Unicode/MARC-8) MARC (Unicode/UTF-8) MARC (Unicode/UTF-8, Standard) MODS (XML) RIS
  • More searches
    Search for this title in:
    Other Libraries (WorldCat) Other Databases (Google Scholar) Online Stores (Bookfinder.com) Open Library (openlibrary.org)

Exporting to Dublin Core...

SOUTHVILLE LIBRARY

Southville International School and Colleges Library

1281 Tropical Ave. Cor. Luxembourg St., BF Homes International, Las Pinas City

Tel. No. 8256374 / 252358 Loc. 117/146

Powered by Koha